MCSE TCP/IP study guide / (Record no. 194616)
[ view plain ]
| 000 -LEADER | |
|---|---|
| fixed length control field | 01494 a2200277 4500 |
| 003 - CONTROL NUMBER IDENTIFIER | |
| control field | Nust |
| 005 - DATE AND TIME OF LATEST TRANSACTION | |
| control field | 20230607145107.0 |
| 010 ## - LIBRARY OF CONGRESS CONTROL NUMBER | |
| LC control number | 96071018 |
| 020 ## - INTERNATIONAL STANDARD BOOK NUMBER | |
| International Standard Book Number | 8170298334 |
| 035 ## - SYSTEM CONTROL NUMBER | |
| System control number | (OCoLC)36382233 |
| 035 ## - SYSTEM CONTROL NUMBER | |
| System control number | 739471 |
| 040 ## - CATALOGING SOURCE | |
| Transcribing agency | Nust |
| 082 ## - DEWEY DECIMAL CLASSIFICATION NUMBER | |
| Classification number | 005.713769,LAM |
| 100 1# - MAIN ENTRY--PERSONAL NAME | |
| Personal name | Lammle, Todd. |
| 9 (RLIN) | 94238 |
| 245 10 - TITLE STATEMENT | |
| Title | MCSE TCP/IP study guide / |
| Statement of responsibility, etc. | Todd Lammle with Monica Lammle and James Chellis. |
| 260 ## - PUBLICATION, DISTRIBUTION, ETC. | |
| Place of publication, distribution, etc. | San Francisco : |
| Name of publisher, distributor, etc. | Sybex Network Press, |
| Date of publication, distribution, etc. | c1997. |
| 300 ## - PHYSICAL DESCRIPTION | |
| Extent | xxvi, 517 p. : |
| Other physical details | ill. ; |
| Dimensions | 24 cm. + |
| Accompanying material | 1 computer laser optical disc (4 3/4 in.) |
| 505 ## - FORMATTED CONTENTS NOTE | |
| Formatted contents note | An Introduction to TCP/IP (Page-1), Identifying Machines with IP Addressing (Page-45), Implementing IP Routing (Page-115), IP Address Resolution (Page-145), Host Name Resolution (Page-157), NetBIOS Name Resolution (Page-173), DHCP: Dynamic Host Configuration Protocol (Page-199), WINS: Windows Internet Name Service (Page-231), Internetwork Browsing (Page-271), Connectivity in Heterogeneous Environments (Page-291), Microsoft SNMP Services (Page-321), Fine Tuning and Optimization (Page-339), Shooting Trouble (Page-363), Microsoft NT 4.0 (Page-375). |
| 650 #0 - SUBJECT ADDED ENTRY--TOPICAL TERM | |
| Topical term or geographic name entry element | Electronic data processing personnel |
| General subdivision | Certification. |
| 9 (RLIN) | 81704 |
| 650 #0 - SUBJECT ADDED ENTRY--TOPICAL TERM | |
| Topical term or geographic name entry element | Internetworking (Telecommunication) |
| 9 (RLIN) | 81637 |
| 650 #0 - SUBJECT ADDED ENTRY--TOPICAL TERM | |
| Topical term or geographic name entry element | Microsoft software |
| General subdivision | Study and teaching. |
| 9 (RLIN) | 94343 |
| 650 #0 - SUBJECT ADDED ENTRY--TOPICAL TERM | |
| Topical term or geographic name entry element | TCP/IP (Computer network protocol) |
| 9 (RLIN) | 24824 |
| 700 1# - ADDED ENTRY--PERSONAL NAME | |
| Personal name | Chellis, James. |
| 9 (RLIN) | 94344 |
| 700 1# - ADDED ENTRY--PERSONAL NAME | |
| Personal name | Lammle, Monica. |
| 9 (RLIN) | 94345 |
| 942 ## - ADDED ENTRY ELEMENTS (KOHA) | |
| Source of classification or shelving scheme | |
| Koha item type | Book |
| Call number prefix | 005.713769,LAM |
| Withdrawn status | Lost status | Source of classification or shelving scheme | Damaged status | Not for loan | Permanent Location | Current Location | Shelving location | Date acquired | Full call number | Barcode | Date last seen | Price effective from | Koha item type | Public note |
|---|---|---|---|---|---|---|---|---|---|---|---|---|---|---|
| Military College of Signals (MCS) | Military College of Signals (MCS) | General Stacks | 12/12/2016 | 005.713769 LAM | MCS36390 | 12/08/2016 | 12/12/2016 | Book | Almirah No.81, Shelf No.2 |
